[Event "Wch U12"]
[Site "Batumi"]
[Date "2022.09.23"]
[Round "7"]
[White "Koehalmi Szabo, Mihaly"]
[Black "Zev, Ganganbars"]
[Result "1/2-1/2"]
[WhiteElo "1683"]
[BlackElo "1356"]
[PlyCount "114"]
[EventDate "2022.09.16"]
[EventType "swiss"]
[EventRounds "11"]
[EventCountry "GEO"]
[SourceTitle "EXT 2023"]
[Source "ChessBase"]
[SourceDate "2022.10.05"]
[SourceVersion "1"]
[SourceVersionDate "2022.10.05"]
[SourceQuality "1"]

1. d4 d5 2. Bf4 Bf5 3. e3 e6 4. c3 Bd6 5. Bg3 Bxg3 6. hxg3 Nf6 7. Nf3 Nbd7 8. Nbd2 h6 9. Nb3 0-0 10. Bd3 Bxd3 11. Qxd3 c5 12. dxc5 Qc7 13. 0-0-0 Nxc5 14. Nxc5 Qxc5 15. Ne5 Qc7 16. Qd4 Nd7 17. Nxd7 Qxd7 18. e4 Rfd8 19. exd5 Qxd5 20. Qxd5 Rxd5 21. Rxd5 exd5 22. Kd2 f6 23. Re1 Kf7 24. Kd3 Rd8 25. Kd4 b6 26. g4 Rd6 27. Re3 Rd8 28. f4 Rd7 29. f5 Rd6 30. b4 Rd7 31. b5 Rc7 32. Kxd5 Rc5+ 33. Kd6 Rxb5 34. Re7+ Kg8 35. Rxa7 Re5 36. Rc7 Ra5 37. Kc6 Rxa2 38. Kxb6 Rxg2 39. Rc4 Rg3 40. Kb5 Kh7 41. Kb4 h5 42. gxh5 Rf3 43. Rc5 Kh6 44. Rd5 Kxh5 45. c4 g6 46. fxg6+ Kxg6 47. c5 Rh3 48. c6 Rh8 49. Kc5 f5 50. Kd6 Kg5 51. c7 Kg4 52. Ke6 Rc8 53. Rd7 f4 54. Rg7+ Kh3 55. Rh7+ Kg2 56. Rg7+ Kf1 57. Rf7 Ke2 1/2-1/2

[Event "Wch U12"]
[Site "Batumi"]
[Date "2022.09.21"]
[Round "6"]
[White "Zev, Ganganbars"]
[Black "Tolmacevs, Romans"]
[Result "1/2-1/2"]
[WhiteElo "1356"]
[BlackElo "1618"]
[PlyCount "86"]
[EventDate "2022.09.16"]
[EventType "swiss"]
[EventRounds "11"]
[EventCountry "GEO"]
[SourceTitle "EXT 2023"]
[Source "ChessBase"]
[SourceDate "2022.10.05"]
[SourceVersion "1"]
[SourceVersionDate "2022.10.05"]
[SourceQuality "1"]

1. Nf3 d5 2. c4 c6 3. d4 Nf6 4. cxd5 cxd5 5. Nc3 Nc6 6. Bf4 e6 7. e3 a6 8. Bd3 Be7 9. 0-0 0-0 10. a3 h6 11. h3 Bd7 12. Rc1 Qa5 13. Qd2 Rac8 14. b4 Qd8 15. Qb2 b5 16. Nd2 Qb6 17. Nb3 Rfd8 18. Nc5 Ra8 19. Rc2 Ne8 20. Nxd7 Rxd7 21. Rfc1 Nxd4 22. exd4 Qxd4 23. Na4 Qxf4 24. Nb6 Bf6 25. Qb3 Rad8 26. Nxd7 Rxd7 27. g3 Qg5 28. Rc8 Kf8 29. Qc2 Bd4 30. Kg2 Ke7 31. a4 bxa4 32. Bxa6 Nd6 33. Rc7 Be5 34. Rxd7+ Kxd7 35. Qxa4+ Ke7 36. Qa3 Ne4 37. Rc2 Bd6 38. Qb3 Qe5 39. Be2 Qd4 40. Bf3 Bxb4 41. Rc7+ Kf6 42. Bxe4 Qxe4+ 43. Qf3+ Qxf3+ 1/2-1/2

[Event "Wch U12"]
[Site "Batumi"]
[Date "2022.09.19"]
[Round "4"]
[White "Zev, Ganganbars"]
[Black "Janukshan, B."]
[Result "0-1"]
[WhiteElo "1356"]
[BlackElo "1605"]
[PlyCount "82"]
[EventDate "2022.09.16"]
[EventType "swiss"]
[EventRounds "11"]
[EventCountry "GEO"]
[SourceTitle "EXT 2023"]
[Source "ChessBase"]
[SourceDate "2022.10.05"]
[SourceVersion "1"]
[SourceVersionDate "2022.10.05"]
[SourceQuality "1"]

1. d4 Nf6 2. c4 e6 3. Nf3 d5 4. g3 c6 5. Bg2 dxc4 6. 0-0 b5 7. Bg5 Be7 8. Bxf6 Bxf6 9. Nc3 Bb7 10. e4 0-0 11. e5 Be7 12. a4 a6 13. Qe2 Qb6 14. Rfd1 Rd8 15. Ne4 Nd7 16. Qc2 h6 17. Rd2 Bb4 18. Rdd1 Rab8 19. axb5 cxb5 20. g4 Nf8 21. g5 h5 22. Qe2 Ng6 23. Qe3 h4 24. Nc5 Bxc5 25. dxc5 Rxd1+ 26. Rxd1 Qc7 27. Rd6 Rc8 28. c6 Bxc6 29. Nxh4 Bxg2 30. Nxg6 Ba8 31. Nf4 b4 32. g6 Qb7 33. Kf1 c3 34. bxc3 bxc3 35. Qxc3 fxg6 36. Qd2 Qb1+ 37. Ke2 Rc2 38. Rd8+ Kh7 39. Rxa8 Rxd2+ 40. Kxd2 Qe4 41. Rd8 Qxf4+ 0-1

[Event "Ulaanbaatar Mica op 2nd"]
[Site "Ulaanbaatar"]
[Date "2022.03.26"]
[Round "6"]
[White "Lkhagvasuren, Tsedendemberel"]
[Black "Zev, Ganganbars"]
[Result "1-0"]
[WhiteElo "2160"]
[BlackElo "1366"]
[PlyCount "78"]
[EventDate "2022.03.23"]
[EventType "swiss"]
[EventRounds "9"]
[EventCountry "MGL"]
[SourceTitle "CBM 207 Extra"]
[Source "ChessBase"]
[SourceDate "2022.05.31"]
[SourceVersion "1"]
[SourceVersionDate "2022.05.31"]
[SourceQuality "1"]

1. e4 d6 2. d4 Nf6 3. Nc3 e5 4. Nf3 exd4 5. Nxd4 Be7 6. f3 a6 7. Be3 0-0 8. Qd2 Nc6 9. 0-0-0 Nxd4 10. Bxd4 h6 11. Kb1 Be6 12. g4 Nd7 13. f4 Bxg4 14. Rg1 c5 15. Bxg7 Kxg7 16. Rxg4+ Kh8 17. e5 Rg8 18. Rxg8+ Qxg8 19. exd6 Bf8 20. Qd5 Rb8 21. Bh3 Rd8 22. Qxb7 Nf6 23. Qc7 Bxd6 24. Qb6 Be7 25. Rxd8 Qxd8 26. Qxa6 Qd2 27. Qe2 Qd4 28. a4 Bd6 29. Nb5 Qxf4 30. Nxd6 Qxd6 31. a5 Qc6 32. Bg2 Qc7 33. a6 Qa5 34. Bf1 Nd5 35. Qe5+ Kg8 36. Qe8+ Kg7 37. Bc4 Qd2 38. Qe5+ f6 39. Qg3+ Kh8 1-0

[Event "Ulaanbaatar Mica op 2nd"]
[Site "Ulaanbaatar"]
[Date "2022.03.26"]
[Round "7"]
[White "Zev, Ganganbars"]
[Black "Munkhpurev, Margad"]
[Result "1/2-1/2"]
[WhiteElo "1366"]
[BlackElo "1224"]
[PlyCount "68"]
[EventDate "2022.03.23"]
[EventType "swiss"]
[EventRounds "9"]
[EventCountry "MGL"]
[SourceTitle "CBM 207 Extra"]
[Source "ChessBase"]
[SourceDate "2022.05.31"]
[SourceVersion "1"]
[SourceVersionDate "2022.05.31"]
[SourceQuality "1"]

1. d4 Nf6 2. c4 e6 3. g3 c5 4. d5 exd5 5. cxd5 d6 6. Bg2 g6 7. Nf3 Bg7 8. 0-0 0-0 9. Nc3 Na6 10. e4 Bg4 11. Re1 Re8 12. h3 Bxf3 13. Qxf3 Nd7 14. a3 Ne5 15. Qe2 c4 16. Rd1 Nd3 17. Qc2 Nac5 18. Rb1 Qd7 19. Be3 b5 20. Bxc5 Nxc5 21. Ne2 Nd3 22. Nc1 Nxc1 23. Rbxc1 a5 24. Qd2 Qc7 25. Rc2 Qd7 26. a4 bxa4 27. Rxc4 Qb5 28. Qc2 Qxb2 29. Qxb2 Bxb2 30. Rxa4 Rec8 31. Kf1 Bc3 32. f4 f6 33. h4 Rc5 34. Rb1 Rac8 1/2-1/2

[Event "Ulaanbaatar Mica op 2nd"]
[Site "Ulaanbaatar"]
[Date "2022.03.25"]
[Round "5"]
[White "Amgalanbaatar, Ravdanlkhumbuu"]
[Black "Zev, Ganganbars"]
[Result "1-0"]
[WhiteElo "1991"]
[BlackElo "1366"]
[PlyCount "84"]
[EventDate "2022.03.23"]
[EventType "swiss"]
[EventRounds "9"]
[EventCountry "MGL"]
[SourceTitle "CBM 207 Extra"]
[Source "ChessBase"]
[SourceDate "2022.05.31"]
[SourceVersion "1"]
[SourceVersionDate "2022.05.31"]
[SourceQuality "1"]

1. d4 d5 2. Bf4 Bf5 3. e3 e6 4. c4 Bxb1 5. Qxb1 Bb4+ 6. Kd1 Bd6 7. Bg3 Nf6 8. Bd3 c6 9. Nf3 Bxg3 10. hxg3 h6 11. Ke2 Nbd7 12. Rh4 Ke7 13. Qc2 a6 14. Kf1 b5 15. b3 Qb6 16. e4 g5 17. Rh1 g4 18. Ne5 Nxe5 19. dxe5 Nd7 20. exd5 cxd5 21. cxd5 Nxe5 22. Re1 Rac8 23. Qe2 f6 24. dxe6 Rc3 25. Be4 h5 26. Qd2 Rc7 27. Bf5 Qc5 28. Rd1 Rcc8 29. Qf4 Qc3 30. Qe4 Qc6 31. Qf4 Qc3 32. Kg1 Qc5 33. Qe4 Rc7 34. Rh4 Qb6 35. Qe2 Qc5 36. Kh2 Qc6 37. Rd2 Qb6 38. Rd5 Rc5 39. Qe3 Rc6 40. Rxe5 fxe5 41. Qxe5 Rcc8 42. Qg7+ Kd6 1-0